| 000 | 00717nam a2200253 4500 | ||
|---|---|---|---|
| 003 | OSt | ||
| 005 | 20260530115304.0 | ||
| 008 | 260508b1977 |||a|||| |||| 001 0 spa d | ||
| 040 |
_aICI _bspa _cICI |
||
| 050 |
_aP90 _bM6418 |
||
| 100 | 1 | _aPignatari, Decio | |
| 245 | 1 | 0 | _aInformación, lenguaje, comunicación |
| 264 | 1 |
_bGustavo Gili Barcelona _c1977 _aEspaña |
|
| 300 | _a98 páginas | ||
| 336 |
_atexto _2rdacontent |
||
| 337 |
_asin medio _2rdamedia |
||
| 338 |
_avolumen _2rdacarrier |
||
| 650 |
_aComunicación _9299 |
||
| 650 |
_aTeoría de la información _931607 |
||
| 650 |
_aLenguaje y comunicación _931608 |
||
| 650 |
_aSemiología _931609 |
||
| 650 | _aComunicación visual | ||
| 942 |
_2lcc _cBK _n1 |
||
| 999 |
_c12978 _d12978 |
||